000 00800nam a2200253Ia 4500
003 GCL
005 20240530095624.0
008 140319s9999 xx 000 0 ara d
020 _a7855305977
040 _aGCL /
_cGCL
082 0 4 _a759.962
_bق/ا ت
100 1 _aادوار الخراط
245 1 0 _aالتصوير الحديث فى مصر /
_cادوار الخراط
250 _aالاولى
260 _aالقاهرة :
_bالمجلس الاعلى للثقافة ،
_c2005
300 _a427 ص ؛
_c30 سم
650 0 4 _aاللوحات الفنية
650 0 4 _aمتحف الفن المصرى الحديث
650 0 4 _aالفن المصرى الحديث
700 1 _aنعيم عطية
700 1 _aازار، ايميه
700 1 _aبو، سيريل
942 _2ddc
_cBK
999 _c8918
_d8918